000 00823nam a2200241 i 4500
001 bg
245 0 0 _aSłownik angielsko-polski /
_cpod red. Jacka Fisiaka ; [red. cz. ang.-pol. Arleta Adamska-Sałaciak ; zespół leksykografów Marek Daroszewski et al.] ; Collins.
246 1 1 _aEnglish-Polish dictionary
260 _aWarszawa :
_b"BGW",
_c1996.
300 _a[4], XVI, 521 s. ;
_c25 cm.
500 _aTyt. równol. : English-Polish dictionary.
650 9 _aSłownik angielsko-polski
700 1 _aFisiak, Jacek
_c(1936- ).
_eRed.
700 1 _aADAMSKA-SAŁACIAK, Arleta.
_eRed.
700 1 _aDAROSZEWSKI, Marek.
_eOprac.
020 _a8370666612
040 _cBPK
041 0 _aeng
_apol
080 _a81'822=111=162.1
920 _a83-7066-661-2
942 _cKS
008 s pl f |000 0 pol
999 _c31361
_d31361